| 000 | 00000nam##2200000za#4500 |
| 001 | 9.615514 |
| 003 | CaOODSP |
| 005 | 20200514165627 |
| 007 | ta |
| 008 | 150406|2000||||xxc||||| f|0| 0 eng|d |
| 020 | |a0-662-30024-6 |
| 040 | |aCaOODSP|beng |
| 043 | |an-cn--- |
| 086 | 1 |aNH18-22/100-131E |
| 110 | 2 |aCanada Mortgage and Housing Corporation. |
| 245 | 10|aCanadian home inspectors & building officials national initiative |
| 260 | |aOttawa - Ontario : |bCanada Mortgage and Housing Corporation |c2000. |
| 300 | |a4p. ; |c28 cm. |
| 490 | 1 |aResearch highlight. Technical series |v00-131 |
| 563 | |aPamphlet |
| 590 | |a01-09|b2001-03-02 |
| 690 | 07|aHousing|2gcpds |
| 690 | 07|aConstruction industry|2gcpds |
| 775 | 08|tInitiative nationale visant les inspecteurs en bâtiments et les agents du bâtiment du Canada |w(CaOODSP)9.625578 |
| 776 | 0#|tCanadian home inspectors & building officials national initiative |w(CaOODSP)9.572282 |
| 830 | #0|aResearch highlight. Technical series ;|v00-131|w(CaOODSP)9.514826 |
| 986 | |aNHA 2266 |